| 000 | 00809nam a2200229 i 4500 | ||
|---|---|---|---|
| 001 | 45145 | ||
| 003 | ES-MaACL | ||
| 005 | 20251004063105.0 | ||
| 007 | t| | ||
| 008 | 030325s1914 sp ||||1| spa d | ||
| 080 | _a582.4/.9(0:82) | ||
| 080 | _a821.134.2-34"19" | ||
| 100 | 1 |
_aCodorniu y Stárico, Ricardo, _d1846-1923 _939445 |
|
| 245 | 1 | 0 |
_aDoce árboles _b: narraciones que dedica a sus doce nietos un forestal en servicio activo / _cR. Codorniu. |
| 260 |
_aMurcia : _b[s.n.], _c1914 ( _fImp. de "El Tiempo") |
||
| 300 |
_a64 p. ; _c15 cm. |
||
| 530 | _aDisponible en formato digital. | ||
| 650 | 4 |
_aÁrboles- _vCuentos. _9158103 |
|
| 852 |
_aES-MaACL _jT-1420-F-4 |
||
| 856 |
_uhttp://bdh-rd.bne.es/viewer.vm?id=0000059339&page=1 _zBiblioteca Digital Hispánica |
||
| 999 |
_c45145 _d45145 |
||